Inheritance, wealth, and society /

Bibliographic Details
Main Author: Chester, Ronald, 1944-
Format: Book
Language:English
Published: Bloomington : Indiana University Press, [1982]
Subjects:

MARC

Tag First Indicator Second Indicator Subfields
LEADER 00000pam a2200000 a 4500
001 in00000083504
005 20151008061316.0
008 811029s1982 inu b 00110 eng
010 |a  81048082  
020 |a 0253330092 
035 |a (OCoLC)07975976 
035 |9 AAJ7783AM 
039 0 |a 2  |b 3  |c 3  |d 3  |e 3 
040 |a DLC  |c DLC  |d TXA  |d UtOrBLW 
043 |a n-us--- 
049 |a TXAM  |c [1387610] 
050 0 0 |a HB715  |b .C48 1982 
082 0 |a 330/.16  |2 19 
100 1 |a Chester, Ronald,  |d 1944- 
245 1 0 |a Inheritance, wealth, and society /  |c Ronald Chester. 
264 1 |a Bloomington :  |b Indiana University Press,  |c [1982] 
264 4 |c ©1982 
300 |a xii, 235 pages ;  |c 24 cm. 
336 |a text  |b txt  |2 rdacontent 
337 |a unmediated  |b n  |2 rdamedia 
338 |a volume  |b nc  |2 rdacarrier 
500 |a Includes index. 
504 |a Bibliography: pages [219]-227. 
650 0 |a Inheritance and succession. 
650 0 |a Inheritance and succession  |z United States. 
650 0 |a Wealth. 
650 0 |a Wealth  |z United States. 
650 0 |a Liberalism. 
999 |a MARS 
999 f f |s 7da2319e-b886-3432-a6ee-f49835577d1a  |i 2ee8988d-1290-3e4c-a84d-cea940b685af  |t 0 
952 f f |p ric  |a Texas A&M University  |b Rellis Campus  |c Joint Library Facility  |d Remote Storage  |t 0  |e HB715 .C48 1982  |h Library of Congress classification  |i unmediated -- volume  |m A14806120122 
998 f f |a HB715 .C48 1982  |t 0  |l Remote Storage